00358nam a2200145Ia 4500003000400000005001700004008004100021040000900062082001900071100001500090245003500105260005300140300000900193650001000202OSt20201104101630.0190216s9999||||xx |||||||||||||| ||und|| coclc a823.912bWEL/T aWells, H G 4aThe Time Machine /cH G Wells  bHeinemann Educational Books Ltd,c1978.aLondon: a118p aNovel